Dead certainties : (unwarranted speculations) /

Bibliographic Details
Main Author: Schama, Simon
Format: Book
Language:English
Published: New York : Vintage Books, 1992.
Edition:1st Vintage Books ed.
Subjects:

MARC

Tag First Indicator Second Indicator Subfields
LEADER 00000cam a2200000 a 4500
001 in00001721621
005 20151024204026.0
008 910912r19921991nyuaf b 000 0ceng
010 |a  91050712  
020 |a 0679736131 (pbk.) :  |c $12.00 
035 |a (OCoLC)ocm25009499 
040 |a DLC  |c DLC  |d TXA  |d UtOrBLW 
043 |a n-us-ma 
049 |a TXAM 
050 1 0 |a F73.25  |b .S33 1992 
082 0 0 |a 974.4/6103/0922  |a B  |2 20 
100 1 |a Schama, Simon. 
245 1 0 |a Dead certainties :  |b (unwarranted speculations) /  |c Simon Schama. 
250 |a 1st Vintage Books ed. 
264 1 |a New York :  |b Vintage Books,  |c 1992. 
300 |a 333 pages, 1 unnumbered folded leaf of plates :  |b illustrations (some color) ;  |c 21 cm. 
336 |a text  |b txt  |2 rdacontent 
337 |a unmediated  |b n  |2 rdamedia 
338 |a volume  |b nc  |2 rdacarrier 
500 |a Originally published: 1st edition New York : Knopf, 1991. 
504 |a Includes bibliographical references (pages 327-333). 
651 0 |a Boston (Mass.)  |v Biography. 
600 1 0 |a Wolfe, James,  |d 1727-1759  |x Death and burial. 
600 1 0 |a Parkman, Francis,  |d 1823-1893  |x Death and burial. 
600 1 0 |a Parkman, George,  |d 1790-1849  |x Death and burial. 
650 0 |a Death  |x Social aspects  |z Massachusetts  |z Boston  |x History. 
948 |a cataloged  |b h  |c 2003/2/18  |d c  |e dmitchel  |f 1:32:36 pm 
994 |a E0  |b TXA 
999 |a MARS 
999 f f |s 8d18ed61-b476-38b0-a9cd-878c29909355  |i 48c81685-6917-3b37-a2d2-87b1f85eeda2  |t 0 
952 f f |p ric  |a Texas A&M University  |b Rellis Campus  |c Joint Library Facility  |d Remote Storage  |t 0  |e F73.25 .S33 1992  |h Library of Congress classification  |i unmediated -- volume  |m A14829849517 
998 f f |a F73.25 .S33 1992  |t 0  |l Remote Storage